Fundamentals of electric circuits / (Record no. 611155)
[ view plain ]
| 000 -LEADER | |
|---|---|
| fixed length control field | 00585nam a22001817a 4500 |
| 003 - CONTROL NUMBER IDENTIFIER | |
| control field | NUST |
| 005 - DATE AND TIME OF LATEST TRANSACTION | |
| control field | 20240828104852.0 |
| 020 ## - INTERNATIONAL STANDARD BOOK NUMBER | |
| International Standard Book Number | 9781260570793 |
| 082 ## - DEWEY DECIMAL CLASSIFICATION NUMBER | |
| Classification number | 621.31924,ALE |
| 100 ## - MAIN ENTRY--PERSONAL NAME | |
| Personal name | Alexander, Charles K |
| 9 (RLIN) | 83822 |
| 245 ## - TITLE STATEMENT | |
| Title | Fundamentals of electric circuits / |
| Statement of responsibility, etc. | Charles K. Alexander, Matthew N. O. Sadiku |
| 250 ## - EDITION STATEMENT | |
| Edition statement | 7th Edition |
| 260 ## - PUBLICATION, DISTRIBUTION, ETC. | |
| Place of publication, distribution, etc. | India |
| Name of publisher, distributor, etc. | McGraw Hill |
| Date of publication, distribution, etc. | 2021 |
| 300 ## - PHYSICAL DESCRIPTION | |
| Extent | 943 p |
| 505 ## - FORMATTED CONTENTS NOTE | |
| Formatted contents note | Part.1 DC Circuits (Page-2), Part.2 Ac Circuits (Page-366), Part-3 Advanced Circuit Analysis (Page-672). |
| 650 ## - SUBJECT ADDED ENTRY--TOPICAL TERM | |
| Topical term or geographic name entry element | Electric Circuits |
| 9 (RLIN) | 10997 |
| 942 ## - ADDED ENTRY ELEMENTS (KOHA) | |
| Source of classification or shelving scheme | |
| Koha item type | Reference |
| Withdrawn status | Lost status | Source of classification or shelving scheme | Damaged status | Not for loan | Permanent Location | Current Location | Shelving location | Date acquired | Total Checkouts | Total Renewals | Full call number | Barcode | Checked out | Date last seen | Date last checked out | Price effective from | Koha item type | Public note |
|---|---|---|---|---|---|---|---|---|---|---|---|---|---|---|---|---|---|---|
| Military College of Signals (MCS) | Military College of Signals (MCS) | General Stacks | 08/28/2024 | 2 | 1 | 621.31924,ALE | MCS38773 | 07/22/2025 | 03/24/2025 | 03/24/2025 | 08/28/2024 | Book | Almirah No.30, Shelf No.2 |
